00000000nam 2200000zi 4500
0019.880474
003CaOODSP
00520250129113836
006m     o  d f      
007cr |||||||||||
008191008t20192019oncabo  o    f000 0 som d
020 |a9780660328751
040 |aCaOODSP|bfre|erda|cCaOODSP
043 |an-cn---
0861 |aCi44-18/2019Som-PDF|zCi44-18/2019So-PDF
24500|a[Programme des réfugiés pris en charge par le gouvernement] : |b[réinstallation des réfugiés au Canada].
250 |a[Édition somali].
264 1|a[Ottawa] : |bImmigration, réfugiés et citoyenneté Canada = Immigration, Refugees and Citizenship Canada, |c[2019]
264 4|c©2019
300 |a1 ressource en ligne (13 pages) : |bcarte, illustrations, photographies
336 |atexte|btxt|2rdacontent/fre
337 |ainformatique|bc|2rdamedia/fre
338 |aressource en ligne|bcr|2rdacarrier/fre
500 |aTitre de départ.
500 |aTitre français fourni par l'éditeur.
500 |aPublié aussi en français sous le titre : Programme des réfugiés pris en charge par le gouvernement : réinstallation des réfugiés au Canada.
520 |a« [Renseignements importants - Vous souhaitez venir au Canada et votre demande a fait l’objet d’un examen initial par les fonctionnaires canadiens. Vous vous demandez probablement ce qui arrivera ensuite. Votre sélection en tant que réfugié admissible est une étape importante du processus de réinstallation. Par contre, il ne s’agit pas de la dernière étape. Voici quelques renseignements sur les prochaines étapes du processus et sur le Canada] » -- Page [1].
546 |aTexte en somali.
650 6|aRéfugiés|xServices|zCanada.
650 6|aÉmigration assistée|zCanada.
7101 |aCanada. |bImmigration, réfugiés et citoyenneté Canada.
77508|tProgramme des réfugiés pris en charge par le gouvernement : |w(CaOODSP)9.880388
791 |t[Government-Assisted Refugee Program] : |eeng|w(CaOODSP)9.880430
795 |t[Réfugiés pris en charge par le gouvernement, réinstallation des réfugiés au Canada |b2013|w(CaOODSP)9.822263
85640|qPDF|s995 Ko|uhttps://publications.gc.ca/collections/collection_2020/ircc/Ci44-18-2019-som.pdf
986 |a2627-11-2019